| 000 | 00705cam a22001577a 4500 | ||
|---|---|---|---|
| 008 | 180718b1999 xxu||||| |||| 00| 0 eng d | ||
| 082 | _aW7x4 B83 | ||
| 100 | _aBruce, Robert | ||
| 245 |
_aOvercoming obstacles to liberalization of the telecom sector in Estonia, Poland, the Czech Republc, Slovenia, and Hungary: and overview of key policy concerns and potential initiatives to facilitate the transition process _cby Robert Bruce, Ioannis Kessides and Lather Kneifel |
||
| 260 |
_aWashington, D.C. _bWorld Bank _c1999 |
||
| 300 | _a36p. | ||
| 440 | _aWorld Bank technical paper no., 440 | ||
| 650 | _aTelecommunication policy - Europe, Eastern | ||
| 700 | _aKneifel, Lothar | ||
| 700 | _aKessides, Ioannis | ||
| 999 |
_c278715 _d278715 |
||